Bioquímica fundamental / (Record no. 165579)
[ view plain ]
| 000 -CABECERA | |
|---|---|
| campo de control de longitud fija | 01176nam a2200349Ia 4500 |
| 001 - NÚMERO DE CONTROL | |
| campo de control | Z_2520 |
| 003 - IDENTIFICADOR DEL NÚMERO DE CONTROL | |
| campo de control | CHAP |
| 008 - DATOS DE LONGITUD FIJA--INFORMACIÓN GENERAL | |
| campo de control de longitud fija | 220113s1976 xx 000 0 und d |
| 010 ## - NÚMERO DE CONTROL DE LA BIBLIOTECA DEL CONGRESO | |
| Número de control de LC | 165579 |
| 020 ## - NÚMERO INTERNACIONAL ESTÁNDAR DEL LIBRO | |
| Número Internacional Estándar del Libro | 968-18-1046-5 |
| 040 ## - FUENTE DE LA CATALOGACIÓN | |
| Centro/agencia transcriptor | CHAP |
| 082 ## - NÚMERO DE LA CLASIFICACIÓN DECIMAL DEWEY | |
| Número de clasificación | 574.192 C66 |
| 100 ## - ENTRADA PRINCIPAL--NOMBRE DE PERSONA | |
| Nombre de persona | Conn, Eric E. |
| 9 (RLIN) | 27196 |
| 245 ## - MENCIÓN DE TÍTULO | |
| Título | Bioquímica fundamental / |
| Mención de responsabilidad, etc. | Eric E. Conn y P. K. Stumpf, versión en español J. Gabriel Velasco F. y Emiliano Cabrera Juárez |
| 250 ## - MENCIÓN DE EDICIÓN | |
| Mención de edición | 3a ed. |
| 260 ## - PUBLICACIÓN, DISTRIBUCIÓN, ETC. | |
| Lugar de publicación, distribución, etc. | México : |
| Nombre del editor, distribuidor, etc. | Limusa, |
| Fecha de publicación, distribución, etc. | 1976 |
| 300 ## - DESCRIPCIÓN FÍSICA | |
| Extensión | 635 p. |
| 500 ## - NOTA GENERAL | |
| Nota general | Traducción de la obra en inglés: Outlines of biochemistry, 3a ed. de 1976 \ La biblioteca cuenta con la 5a reimpresión de 1984 y 9a reimpresión de 1991 |
| 503 ## - NOTA DE HISTORIA BIBLIOGRÁFICA (BK CF MU) [OBSOLETO] | |
| Nota de historia bibliográfica | ej.1: C/E \ ej.2: s/n \ ej.3: C/E \ ej.4: C/E \ ej.5: C/E \ ej.6: C/E \ ej.7: C/E |
| 504 ## - NOTA DE BIBLIOGRAFÍA, ETC. | |
| Nota de bibliografía, etc. | Bibliografía: p. 607 - 608 |
| 650 ## - PUNTO DE ACCESO ADICIONAL DE MATERIA--TÉRMINO DE MATERIA | |
| Término de materia o nombre geográfico como elemento de entrada | Bioquímica |
| 9 (RLIN) | 12849 |
| 650 ## - PUNTO DE ACCESO ADICIONAL DE MATERIA--TÉRMINO DE MATERIA | |
| Término de materia o nombre geográfico como elemento de entrada | Metabolismo |
| 9 (RLIN) | 75149 |
| 700 ## - PUNTO DE ACCESO ADICIONAL--NOMBRE DE PERSONA | |
| Nombre de persona | Cabrera Juárez, Emiliano, tr. |
| 9 (RLIN) | 139504 |
| 700 ## - PUNTO DE ACCESO ADICIONAL--NOMBRE DE PERSONA | |
| Nombre de persona | Velasco F., J. Gabriel, tr. |
| 9 (RLIN) | 139505 |
| 700 ## - PUNTO DE ACCESO ADICIONAL--NOMBRE DE PERSONA | |
| Nombre de persona | Stumpf, P. K., aut. |
| 9 (RLIN) | 139506 |
| 901 ## - ELEMENTOS DE DATOS A LOCAL LDA (RLIN) | |
| a | 574.192 C66 |
| 902 ## - ELEMENTOS DE DATOS B LOCAL, LDB (RLIN) | |
| a | M |
| 910 ## - DATOS DE OPCIÓN DEL USUARIO (OCLC) | |
| Datos de opción del usuario | 1976 |
| 942 ## - ELEMENTOS DE PUNTO DE ACCESO ADICIONAL (KOHA) | |
| Tipo de ítem Koha | Libro_ |
| 942 ## - ELEMENTOS DE PUNTO DE ACCESO ADICIONAL (KOHA) | |
| Tipo de ítem Koha | |
| Estado de retiro | Estado de pérdida | Fuente del sistema de clasificación o colocación | Estado dañado | No para préstamo | Código de colección | Localización permanente | Ubicación/localización actual | Ubicación en estantería | Fecha de adquisición | Código de barras | Fecha visto por última vez | Número de copia | Precio válido a partir de | Tipo de ítem Koha | Total de préstamos | Fecha del último préstamo |
|---|---|---|---|---|---|---|---|---|---|---|---|---|---|---|---|---|
| Dewey Decimal Classification | General | Zootecnia | Zootecnia | 09/11/2005 | z_1879 | 18/01/2022 | 1 | 18/01/2022 | Libro | |||||||
| Dewey Decimal Classification | General | Zootecnia | Zootecnia | 09/11/2005 | z_1880 | 18/01/2022 | 1 | 18/01/2022 | Libro | |||||||
| Dewey Decimal Classification | General | Zootecnia | Zootecnia | 09/11/2005 | z_1881 | 18/01/2022 | 1 | 18/01/2022 | Libro | |||||||
| Dewey Decimal Classification | General | Zootecnia | Zootecnia | 09/11/2005 | z_1882 | 18/01/2022 | 2 | 18/01/2022 | Libro | |||||||
| Dewey Decimal Classification | General | Zootecnia | Zootecnia | 09/11/2005 | z_1883 | 18/01/2022 | 1 | 18/01/2022 | Libro | |||||||
| Dewey Decimal Classification | General | Zootecnia | Zootecnia | 09/11/2005 | z_1884 | 18/01/2022 | 1 | 18/01/2022 | Libro | |||||||
| Dewey Decimal Classification | General | Zootecnia | Zootecnia | 09/11/2005 | z_1885 | 18/01/2022 | 1 | 18/01/2022 | Libro | |||||||
| Dewey Decimal Classification | General | Zootecnia | Zootecnia | 09/11/2005 | z_1886 | 18/01/2022 | 1 | 18/01/2022 | Libro | |||||||
| Dewey Decimal Classification | General | Zootecnia | Zootecnia | 09/11/2005 | z_1887 | 18/01/2022 | 3 | 18/01/2022 | Libro | |||||||
| Dewey Decimal Classification | General | Zootecnia | Zootecnia | 09/11/2005 | z_1888 | 18/01/2022 | 1 | 18/01/2022 | Libro | |||||||
| Dewey Decimal Classification | General | Zootecnia | Zootecnia | 09/11/2005 | z_1959 | 18/01/2022 | 5 | 18/01/2022 | Libro | |||||||
| Dewey Decimal Classification | General | Zootecnia | Zootecnia | 09/11/2005 | z_1960 | 25/09/2024 | 6 | 18/01/2022 | Libro | 1 | 25/09/2024 | |||||
| Dewey Decimal Classification | General | Zootecnia | Zootecnia | 09/11/2005 | z_1961 | 18/01/2022 | 7 | 18/01/2022 | Libro | |||||||
| Dewey Decimal Classification | General | Zootecnia | Zootecnia | 09/11/2005 | z_1962 | 18/01/2022 | 1 | 18/01/2022 | Libro | |||||||
| Dewey Decimal Classification | General | Zootecnia | Zootecnia | 09/11/2005 | z_6083 | 18/01/2022 | 4 | 18/01/2022 | Libro |
